Grotte & Speleologia : (Registro nro. 1440)

Detalles MARC
000 -CABECERA
Campo de control 00771nam a2200229 a 4500
005 - FECHA Y HORA DE LA ULTIMA TRANSACCION
Campo de control 20191224041603.0
008 - ELEMENTOS DE LONGITUD FIJA—INFORMACION GENERAL
Campo de control 140227s1998 it ad||| |||| 00| 0 ita d
020 ## - ISBN
ISBN 8881631210
040 ## - FUENTE DE CATALOGACIÓN
Agencia catalogadora original CO-BoIAVH
Agencia transcriptora CO-BoIAVH
041 0# - IDIOMA
Código de idioma para texto/pista de sonido o título separado Italiano
044 ## - PAÍS DE PUBLICACIÓN
País de publicación Italia
082 04 - NUMERO DE CLASIFICACION DECIMAL DEWEY
Número de clasificación 551.447
Número del ítem B13g
100 1# - ASIENTO PRINCIPAL--NOMBRE PERSONAL
Nombre personal Badino, Giovanni
Término relacionado autor
9 (RLIN) 12265
245 10 - MENCION DE TITULO
Título Grotte & Speleologia :
Parte restante del título tutto quello che avreste voluto sapere sulle grotte, ma non avete mai saputo a chi chiedere/
Mención de responsabilidad Giovanni Badino
260 ## - PUBLICACION, DISTRIBUCION, ETC. (PIE DE IMPRENTA)
Lugar de publicación, distribución, etc. Genova (Italia) :
Nombre del editor, distribuidor, etc. Societa Speleologica Italiana,
Fecha de publicación, distribución, etc. 1998.
300 ## - DESCRIPCION FISICA
Extensión 47 páginas :
Otros detalles físicos tablas y gráficas ;
Dimensiones 24 x 13 cm.
650 26 - ASIENTO SECUNDARIO DE MATERIA - TERMINO TEMATICO
Término temático o nombre geográfico como elemento de entrada Espeleología
9 (RLIN) 4156
650 #4 - ASIENTO SECUNDARIO DE MATERIA - TERMINO TEMATICO
Término temático o nombre geográfico como elemento de entrada Especies cavernícolas
9 (RLIN) 10307
650 24 - ASIENTO SECUNDARIO DE MATERIA - TERMINO TEMATICO
Término temático o nombre geográfico como elemento de entrada Cuevas
9 (RLIN) 83987
662 #6 - ASIENTO SECUNDARIO DE MATERIA - JERARQUIA DEL NOMBRE DE LUGAR(
País o entidad mayor Italia
942 ## - ELEMENTOS ADICIONALES (KOHA)
Tipo de ítem Libro
Sistema de clasificación Dewey Decimal Classification
Existencias
Withdrawn status Lost status Sistema de Clasificación Damaged status No para préstamo Colección Inventariado Ubicación Permanente Ubicación actual Fecha de adquisición Fuente de Valor Valor Total Checkouts Número topográfico Inventario / Código de Barras Date last seen Ejemplar Price effective from Forma de adquisición Tipo de material
    Dewey Decimal Classification     General Inventariado 2017 Sala Fabio Quevedo Sala Fabio Quevedo 12/08/1999 Muñoz Saba, Yaneth 39000.00   LB-551.447 B13g 001990 04/12/2012 Ej. 1 04/12/2012 Donación Libro